[Event "27th Heraklion Open 2019"]
[Site "Heraklion"]
[Date "2019.09.04"]
[Round "1.1"]
[White "Moiseenko, Vadim"]
[Black "Dagkonakis, Dimitrios"]
[Result "1-0"]
[WhiteElo "2543"]
[BlackElo "1252"]
[Annotator "TA"]
[PlyCount "49"]
[EventDate "2019.09.03"]
[EventType "swiss"]
[EventCountry "GRE"]
[SourceTitle "playchess.com"]
[Source "ChessBase"]
[SourceQuality "1"]

{[%evp 11,49,21,162,155,475,500,564,462,448,459,458,454,652,648,953,957,2005,1997,1971,1252,2861,2688,3050,1935,2486,2466,2416,2387,2154,1933,2281,2333,29987,29988,29992,29993,29993,29994,29994,29995]} 1. e4 e5 2. Nf3 Nc6 3. Bc4 Nf6 4. Ng5 d5 5. exd5 Na5 6. d3 Nxd5 {[#]} (6... h6 $11 7. Nf3 e4) 7. Qf3 $1 $18 {[%csl Gg5][%cal Rf3f7][%mdl 512] C58: Two Knights: 4 Ng5 d5 5 exd5 Na5 sidelines} (7. Bxd5 Qxd5 8. Nc3 Qxg2 9. Qf3 Qxf3 10. Nxf3 Bd7 11. Nxe5 O-O-O 12. Nxf7 Re8+ 13. Be3 Rg8 14. O-O-O Bb4 {½-½ (57) Afonso,P (1199)-Duque,R (1365) Luso 2017}) 7... f6 $2 (7... Be6 $16 8. Nxe6 fxe6) 8. Bxd5 Qe7 9. Nf7 $146 {White is clearly winning.} ({Predecessor:} 9. Bf7+ Kd8 10. Qd5+ Qd6 11. Qxd6+ Bxd6 12. Nf3 Bg4 13. Bd5 c6 14. h3 Bxf3 15. Bxf3 Re8 16. c4 b5 17. Be2 Bc5 18. Bd2 Nb7 19. a4 b4 20. a5 Rc8 {1-0 (20) Bo Huynh Nhat,T-Pham,P Vietnam 2002}) 9... c6 10. Nxh8 cxd5 11. Nc3 d4 (11... Be6 $142 12. Nxd5 Qd8) 12. Nd5 Qd7 13. Qh5+ Kd8 14. Nf7+ Ke8 15. Nxe5+ Kd8 16. Nxd7 Bxd7 17. Nxf6 gxf6 18. Qxa5+ b6 19. Qd5 Rc8 20. Qxd4 Rxc2 21. Qxf6+ {[%mdl 64] [#] Double Attack} Ke8 22. Kd1 {White mates.} Rc6 23. Re1+ Re6 24. Rxe6+ Bxe6 25. Qxe6+ 1-0

[Event "27th Heraklion Open 2019"]
[Site "Heraklion"]
[Date "2019.09.04"]
[Round "1.2"]
[White "Saklampanakis, Dimitrios"]
[Black "Levin, Evgeny A."]
[Result "0-1"]
[WhiteElo "1245"]
[BlackElo "2511"]
[Annotator "TA"]
[PlyCount "56"]
[EventDate "2019.09.03"]
[EventType "swiss"]
[EventCountry "GRE"]
[SourceTitle "playchess.com"]
[Source "ChessBase"]
[SourceQuality "1"]

{[%evp 9,56,2,6,-8,-11,-11,0,0,12,4,7,-12,-20,-37,-7,-9,-21,-70,-83,-73,-68,-116,-136,-160,-158,-150,-147,-259,-253,-310,-235,-573,-556,-899,-889,-895,-893,-860,-847,-914,-909,-849,-736,-784,-769,-779,-775,-774,-770]} 1. c4 g6 2. Nc3 Bg7 3. g3 d6 4. Bg2 e5 5. d3 f5 6. Be3 {A21: English Opening: 1...e5 2 Nc3} (6. e4 Nf6 7. Nge2 O-O 8. h3 a5 9. Be3 Na6 10. Qd2 fxe4 11. dxe4 Nc5 12. O-O b6 13. b3 Bb7 14. Qc2 Ne6 15. f4 exf4 16. gxf4 {1-0 (81) Rakhmanov,A (2629)-Maghsoodloo,P (2688) St Petersburg 2018}) 6... Nf6 7. Qd2 $146 ({Predecessor:} 7. Bg5 O-O 8. Nd5 c6 9. Nxf6+ Bxf6 10. Bxf6 Qxf6 11. Nf3 Be6 12. O-O g5 13. d4 e4 {0-1 (32) Hieret,S-Kruse,M Wolfsburg 1997}) 7... c6 8. Bh6 {The position is equal.} O-O 9. Bxg7 Kxg7 10. h4 Be6 11. Nh3 Nbd7 12. Ng5 Bg8 13. Bf3 h6 14. Nh3 Be6 15. h5 {[#]} g5 $1 {[%cal Rg5g4]} 16. Nxg5 hxg5 17. Qxg5+ Kh8 18. h6 (18. Qd2 $17) 18... Rg8 $19 19. Qh4 Ng4 20. Qh3 $2 (20. Qxd8 Raxd8 21. b4) 20... Qb6 {[%mdl 64] [#] Double Attack. Black is clearly winning.} 21. Bxg4 fxg4 22. Qh4 Qxb2 {[%mdl 64] Double Attack} 23. O-O Qxc3 24. Qe7 Rae8 25. Qxd6 Qd4 26. Qc7 Qb6 27. Qd6 c5 28. Qxb6 axb6 {Accuracy: White = 25%, Black = 67%.} 0-1

[Event "27th Heraklion Open 2019"]
[Site "Heraklion"]
[Date "2019.09.04"]
[Round "1.3"]
[White "Mirzoev, Emil"]
[Black "Kealar, Ioannis"]
[Result "1-0"]
[WhiteElo "2477"]
[BlackElo "1240"]
[Annotator "ChessBase"]
[PlyCount "45"]
[EventDate "2019.09.03"]
[EventType "swiss"]
[EventCountry "GRE"]
[SourceTitle "playchess.com"]
[Source "ChessBase"]
[SourceQuality "1"]
[TimeControl "40/5400+30:1800+30"]

1. d4 d5 2. Bf4 Nf6 3. e3 e6 4. Nd2 c5 5. c3 Nc6 6. Ngf3 Be7 7. h3 O-O 8. Bd3 Re8 9. O-O b6 10. Qe2 c4 11. Bc2 Bb7 12. e4 Rc8 13. e5 Nd7 14. Nh2 Nf8 15. Be3 Bg5 16. f4 Bh6 17. Ng4 Qh4 18. Nxh6+ Qxh6 19. f5 Qh4 20. f6 Ng6 21. Kh2 Nf4 22. Rxf4 Qh6 23. Rg4 1-0

[Event "27th Heraklion Open 2019"]
[Site "Heraklion"]
[Date "2019.09.04"]
[Round "1.4"]
[White "Roditakis, Emmanouil"]
[Black "Peng, Li Min"]
[Result "0-1"]
[WhiteElo "1193"]
[BlackElo "2465"]
[Annotator "ChessBase"]
[PlyCount "88"]
[EventDate "2019.09.03"]
[EventType "swiss"]
[EventCountry "GRE"]
[SourceTitle "playchess.com"]
[Source "ChessBase"]
[SourceQuality "1"]
[TimeControl "40/5400+30:1800+30"]

1. e4 Nf6 2. d3 d5 3. exd5 Qxd5 4. Nc3 Qd6 5. Nf3 Nc6 6. g3 Bg4 7. Bg2 Nd4 8. Be3 e5 9. Bxd4 exd4 10. Ne2 Qb4+ 11. Qd2 Qxb2 12. O-O Bb4 13. Qc1 Qxc1 14. Raxc1 c5 15. Rb1 O-O-O 16. Nc1 Bxf3 17. Bxf3 b6 18. a4 Rhe8 19. Na2 a5 20. Nc1 g5 21. Bg2 Kc7 22. Nb3 Re2 23. Rb2 Bc3 24. Ra2 Rde8 25. Bf3 Re1 26. Rxe1 Rxe1+ 27. Kg2 g4 28. Ba8 Re8 29. Be4 Nxe4 30. dxe4 Rxe4 31. Nc1 c4 32. f3 Re1 33. fxg4 Rxc1 34. Kh3 d3 35. cxd3 cxd3 36. Kh4 d2 37. Rxd2 Bxd2 38. Kh5 Rc6 39. g5 Rg6 40. h4 Kc6 41. Kg4 b5 42. Kh5 bxa4 43. g4 h6 44. gxh6 Rxh6# 0-1

[Event "27th Heraklion Open 2019"]
[Site "Heraklion"]
[Date "2019.09.04"]
[Round "1.5"]
[White "Bogdanov, Egor"]
[Black "Fragkiadakis, Nikolaos Emm"]
[Result "1-0"]
[WhiteElo "2422"]
[BlackElo "1183"]
[Annotator "TA"]
[PlyCount "87"]
[EventDate "2019.09.03"]
[EventType "swiss"]
[EventCountry "GRE"]
[SourceTitle "playchess.com"]
[Source "ChessBase"]
[SourceQuality "1"]

{[%evp 11,87,-3,0,-14,-14,-27,40,31,98,68,181,131,119,126,127,20,12,13,11,12,26,0,0,0,0,-26,0,0,0,0,-5,-38,0,-5,-6,-4,23,20,56,56,56,48,58,58,53,49,51,37,37,39,56,40,76,56,97,102,120,63,103,72,966,952,1005,1189,1281,1204,1194,1210,1186,976,4505,2582,29979,29980,29987,29988,29988,29989]} 1. e4 e5 2. d4 exd4 3. Nf3 Nc6 4. c3 Nf6 5. e5 Nd5 6. cxd4 Bb4+ 7. Nbd2 {C44: Ponziani Opening and Scotch Gambit} (7. Bd2 Bxd2+ 8. Nbxd2 d6 9. Bc4 Be6 10. Qb3 dxe5 11. dxe5 O-O 12. Qxb7 Ndb4 13. Qb5 Rb8 14. Qc5 Nc2+ 15. Ke2 N6d4+ 16. Nxd4 Nxd4+ {0-1 (23) Jones,G (2677)-Vidit,S (2711) chess.com INT 2018}) 7... O-O 8. Bc4 Nce7 $146 (8... Nb6 $11 9. Be2 Be7) ({Predecessor:} 8... Nb6 9. Bd3 d5 10. O-O Bg4 11. Nb3 f6 12. e6 Bxe6 13. Qc2 f5 14. Bg5 Qd7 {0-1 (63) Aradhya,G (2068)-Deac,B (2402) Pune 2014}) 9. O-O $14 {White is slightly better.} Ba5 ({Black should play} 9... Bxd2 $14 10. Bxd2 d6) 10. Ne4 h6 ({Black should try} 10... d6 $14) 11. Qb3 Nb6 12. Bd3 Nbd5 {[#]} 13. Ng3 (13. Nf6+ $1 $16 gxf6 14. Be4) 13... d6 $11 14. Bb1 dxe5 15. dxe5 c6 16. Rd1 Qc7 17. Qc2 {[%csl Gb1][%cal Rc2h7]} Ng6 {With the idea ...Bg4.} 18. h4 {h5 is the strong threat.} (18. Nh4 $5 {[%cal Rh4g6]} Bb6 19. Nxg6 fxg6 20. Qxg6 Rxf2 21. Kh1 (21. Qh7+ Kf8 $14) 21... Qxe5 22. Qh7+ Kf8 23. Bg6 $14 (23. Qh8+ Kf7 $17)) 18... f5 19. exf6 Rxf6 20. Nh5 Rd6 $1 21. Qc4 Qf7 (21... b5 $5 {[%cal Rb5c4]} 22. Qb3 Be6 $17) 22. Bxg6 Qxg6 23. Nf4 $132 {[%mdl 2048] White puts up resistance} Qf5 24. Be3 Bb6 25. Bxb6 axb6 26. Nxd5 Rxd5 27. Rxd5 Qxd5 28. Qxd5+ cxd5 $14 {[%mdl 4096] Endgame KRB-KRN} 29. Re1 Bg4 30. Ne5 Bh5 31. g4 Bf7 32. a3 Be6 33. f4 Re8 {intending ...Bxg4.} 34. f5 (34. Kf2 $16) 34... Bd7 35. Kf2 Bc6 $2 {[%mdl 8192]} (35... Ba4 $16) 36. Nxc6 $18 Rxe1 37. Kxe1 bxc6 {KP-KP} 38. g5 Kf7 39. Kd2 Ke7 {[#]} 40. Ke3 $1 c5 41. b4 cxb4 42. axb4 {White mates.} Kd6 43. f6 {[%mdl 64] Overworked Piece} gxf6 44. gxh6 {Accuracy: White = 50%, Black = 30%.} 1-0

[Event "27th Heraklion Open 2019"]
[Site "Heraklion"]
[Date "2019.09.04"]
[Round "1.6"]
[White "Kavouras, Kosmas"]
[Black "Gretarsson, Helgi Ass"]
[Result "0-1"]
[WhiteElo "1182"]
[BlackElo "2410"]
[Annotator "TA"]
[PlyCount "70"]
[EventDate "2019.09.03"]
[EventType "swiss"]
[EventCountry "GRE"]
[SourceTitle "playchess.com"]
[Source "ChessBase"]
[SourceQuality "1"]

{[%evp 9,70,25,18,-15,-17,-30,-30,-31,-24,-29,-28,-21,-21,-21,-21,-40,-26,-41,-20,-63,-54,-62,-68,-68,-70,-81,-88,-114,-77,-98,-96,-120,-129,-125,-112,-160,-162,-155,-153,-165,-155,-189,-210,-423,-398,-481,-468,-472,-474,-470,-456,-1050,-1032,-1321,-1293,-2080,-1486,-4898,-4822,-29993,-29994,-29994,-29995]} 1. d4 g6 2. c4 Bg7 3. Nf3 d6 4. g3 Nd7 5. b3 $146 ({Predecessor:} 5. Bg2 e5 6. O-O exd4 7. Nxd4 Ne7 8. Nc3 O-O 9. e4 Nc6 10. Be3 Nde5 11. Nxc6 bxc6 12. b3 Nxc4 13. bxc4 Bxc3 14. Rc1 Bg7 15. c5 Bb7 16. Qa4 a5 17. Rfd1 Qe7 18. Rb1 {½-½ (30) Erdos,V (2605)-Mamedov,R (2703) Skopje 2018}) 5... e5 6. Bb2 {A41: 1 d4 d6: Tartakower System and Modern Defence} e4 7. Nfd2 f5 8. Bg2 {Black has an edge.} Ngf6 9. e3 c6 10. O-O O-O 11. Nc3 Re8 12. Ne2 Qe7 13. Nf4 Qf7 14. h4 h6 15. Nh3 Ng4 16. Qc2 Ndf6 17. Rae1 Bd7 18. Re2 Rad8 19. Rfe1 d5 20. c5 Nh7 21. f3 exf3 22. Nxf3 Nhf6 23. Ne5 Nxe5 24. dxe5 Ng4 25. Bd4 Bxe5 26. Nf2 $2 (26. Bxe5 Nxe5 27. Qc3) 26... Bxg3 $19 {[%mdl 64] [#] Double Attack} 27. Nxg4 fxg4 28. Rf1 Bf5 29. e4 dxe4 30. Bf2 (30. Qc3 $142) 30... Bxf2+ {[%mdl 64] [#] Overworked Piece} 31. Rexf2 e3 {[%mdl 64] Discovered Attack} 32. Rxf5 gxf5 33. Rxf5 Rd2 34. Qxd2 exd2 35. Rxf7 Kxf7 {Accuracy: White = 33%, Black = 77%.} 0-1

[Event "27th Heraklion Open 2019"]
[Site "Heraklion"]
[Date "2019.09.04"]
[Round "1.7"]
[White "Namini, Armin"]
[Black "Aggeletou, Fereniki"]
[Result "1-0"]
[WhiteElo "2251"]
[BlackElo "1178"]
[Annotator "ChessBase"]
[PlyCount "35"]
[EventDate "2019.09.03"]
[EventType "swiss"]
[EventCountry "GRE"]
[SourceTitle "playchess.com"]
[Source "ChessBase"]
[SourceQuality "1"]
[TimeControl "40/5400+30:1800+30"]

1. c4 e5 2. Nc3 Nf6 3. Nf3 Nc6 4. e3 d5 5. cxd5 Nxd5 6. Bb5 Nxc3 7. bxc3 f6 8. d4 a6 9. Bc4 exd4 10. cxd4 b5 11. Bd3 Bb4+ 12. Kf1 Be6 13. Qc2 g6 14. Qxc6+ Kf7 15. h4 Bd5 16. Qc2 Rc8 17. e4 Bb7 18. Qb3+ 1-0

[Event "27th Heraklion Open 2019"]
[Site "Heraklion"]
[Date "2019.09.04"]
[Round "1.8"]
[White "Stratigi, Ioanna"]
[Black "Hulshof, Peter"]
[Result "0-1"]
[WhiteElo "1166"]
[BlackElo "2180"]
[Annotator "ChessBase"]
[PlyCount "74"]
[EventDate "2019.09.03"]
[EventType "swiss"]
[EventCountry "GRE"]
[SourceTitle "playchess.com"]
[Source "ChessBase"]
[SourceQuality "1"]
[TimeControl "40/5400+30:1800+30"]

1. e4 b6 2. Nc3 Bb7 3. Nf3 e6 4. g3 Nf6 5. d3 d6 6. Bg2 g6 7. O-O Bg7 8. Re1 O-O 9. Bf4 a6 10. Qd2 Re8 11. d4 Nbd7 12. Rad1 Qe7 13. Bh6 Bh8 14. a3 Rad8 15. b4 Ng4 16. h3 Nxh6 17. Qxh6 Bg7 18. Qh4 Qxh4 19. Nxh4 c5 20. Ne2 cxb4 21. axb4 g5 22. Nf3 Bxe4 23. c4 h6 24. Nc3 Bg6 25. Ne4 Nb8 26. Nc3 Rc8 27. Bf1 Nd7 28. Ne4 Bxe4 29. Rxe4 a5 30. bxa5 bxa5 31. Ra1 Nb6 32. Rxa5 Nxc4 33. Ra6 d5 34. Re1 Rb8 35. Rea1 Rec8 36. Nh2 Bxd4 37. Nf3 Bxa1 0-1

[Event "27th Heraklion Open 2019"]
[Site "Heraklion"]
[Date "2019.09.04"]
[Round "1.9"]
[White "Ivanov, Mike"]
[Black "Terzakis, Georgios"]
[Result "1-0"]
[WhiteElo "2177"]
[BlackElo "1162"]
[Annotator "ChessBase"]
[PlyCount "36"]
[EventDate "2019.09.03"]
[EventType "swiss"]
[EventCountry "GRE"]
[SourceTitle "playchess.com"]
[Source "ChessBase"]
[SourceQuality "1"]
[TimeControl "40/5400+30:1800+30"]

1. e4 e5 2. Nf3 Nc6 3. Nc3 Nf6 4. Bb5 a6 5. Bxc6 dxc6 6. Nxe5 Nxe4 7. Nxe4 Qd4 8. O-O Qxe5 9. Re1 Be6 10. d4 Qd5 11. Bg5 Qb5 12. b3 a5 13. c4 Qa6 14. d5 cxd5 15. cxd5 Qb5 16. dxe6 fxe6 17. Qg4 Qf5 18. Nd6+ Bxd6 1-0

[Event "27th Heraklion Open 2019"]
[Site "Heraklion"]
[Date "2019.09.04"]
[Round "1.10"]
[White "Koutsourakis, Emmanouil"]
[Black "Lirindzakis, Timotheos"]
[Result "0-1"]
[WhiteElo "1156"]
[BlackElo "2157"]
[Annotator "ChessBase"]
[PlyCount "72"]
[EventDate "2019.09.03"]
[EventType "swiss"]
[EventCountry "GRE"]
[SourceTitle "playchess.com"]
[Source "ChessBase"]
[SourceQuality "1"]
[TimeControl "40/5400+30:1800+30"]

1. d4 Nf6 2. c4 e6 3. Nc3 Bb4 4. e3 O-O 5. Nge2 Re8 6. g3 d5 7. cxd5 exd5 8. Bg2 c6 9. a3 Bd6 10. b4 Nbd7 11. O-O Nb6 12. Na4 Nc4 13. Nc5 b6 14. Nd3 Bf5 15. Nef4 a5 16. Qb3 axb4 17. Nxb4 Qd7 18. Nfd3 Bh3 19. Qd1 Bxg2 20. Kxg2 Ne4 21. h4 Re6 22. Qg4 Qe8 23. Nc2 Rg6 24. Qe2 Nxg3 25. fxg3 Qe4+ 26. Rf3 Rxg3+ 27. Kf2 Rxf3+ 28. Qxf3 Qxd3 29. Qe2 Qe4 30. h5 Re8 31. Nb4 c5 32. dxc5 bxc5 33. Nc2 Qh4+ 34. Kg1 Re4 35. Ne1 Rg4+ 36. Ng2 Qh2+ 0-1

[Event "27th Heraklion Open 2019"]
[Site "Heraklion"]
[Date "2019.09.04"]
[Round "1.11"]
[White "Fasching, Markus"]
[Black "Bras, Vasileios"]
[Result "1-0"]
[WhiteElo "2029"]
[BlackElo "1151"]
[Annotator "NA"]
[PlyCount "57"]
[EventDate "2019.09.03"]
[EventType "swiss"]
[EventCountry "GRE"]
[SourceTitle "playchess.com"]
[Source "ChessBase"]
[SourceQuality "1"]
[TimeControl "40/5400+30:1800+30"]

1. e4 c6 2. d4 d5 3. Nc3 dxe4 4. Nxe4 Bf5 5. Ng3 Bg6 6. h4 h6 7. Nf3 Nf6 8. h5 Bh7 9. Bd3 Nbd7 10. Bxh7 Rxh7 11. Qd3 e6 12. Bd2 Be7 13. O-O-O Qc7 14. Kb1 O-O-O 15. c4 c5 16. Bc3 Rhh8 17. Ne4 Kb8 18. d5 exd5 19. cxd5 Rc8 20. d6 Qc6 21. dxe7 Nxe4 22. Qxd7 Nxf2 23. Be5+ Ka8 24. Qxc6 bxc6 25. Bd6 Nxh1 26. Rxh1 Rhe8 27. Ne5 f6 28. Nd3 c4 29. Nc5 1-0

[Event "27th Heraklion Open 2019"]
[Site "Heraklion"]
[Date "2019.09.04"]
[Round "1.12"]
[White "Anastasakis, Vasileios Georgios"]
[Black "Alquist, Erik"]
[Result "0-1"]
[WhiteElo "1123"]
[BlackElo "2020"]
[Annotator "NA"]
[PlyCount "66"]
[EventDate "2019.09.03"]
[EventType "swiss"]
[EventCountry "GRE"]
[SourceTitle "playchess.com"]
[Source "ChessBase"]
[SourceQuality "1"]
[TimeControl "40/5400+30:1800+30"]

1. e4 c5 2. Nf3 e6 3. d4 cxd4 4. Nxd4 Nc6 5. Nxc6 bxc6 6. Nc3 Nf6 7. Bg5 Qa5 8. Bd2 Qc7 9. Bd3 Bd6 10. g3 h5 11. Be2 Rb8 12. Rb1 h4 13. Rg1 hxg3 14. hxg3 Bc5 15. Na4 Nxe4 16. Nxc5 Nxc5 17. Bf4 e5 18. Be3 Na4 19. Bd2 Nxb2 20. Qc1 Na4 21. Rxb8 Qxb8 22. Qa3 Qb1+ 23. Bd1 Nb2 24. Ke2 Nxd1 25. Rxd1 Qb5+ 26. Ke3 Qb6+ 27. Kf3 c5 28. Ba5 Bb7+ 29. Ke2 Qb5+ 30. Ke1 Ba6 31. Kd2 Rh2 32. Bc7 Rxf2+ 33. Ke3 Qe2# 0-1

[Event "27th Heraklion Open 2019"]
[Site "Heraklion"]
[Date "2019.09.04"]
[Round "1.13"]
[White "Putrenko, Kirill"]
[Black "Beis, Rafail"]
[Result "1-0"]
[WhiteElo "1974"]
[BlackElo "1118"]
[Annotator "NA"]
[PlyCount "57"]
[EventDate "2019.09.03"]
[EventType "swiss"]
[EventCountry "GRE"]
[SourceTitle "playchess.com"]
[Source "ChessBase"]
[SourceQuality "1"]
[TimeControl "40/5400+30:1800+30"]

1. d4 c5 2. d5 d6 3. e4 e5 4. Nc3 Nf6 5. g3 Bg4 6. Qd3 Be7 7. Bg2 O-O 8. Nge2 Nbd7 9. O-O Qb6 10. h3 Bh5 11. Kh2 Rac8 12. Be3 Qxb2 13. Rab1 c4 14. Qd2 Qa3 15. Rxb7 Rb8 16. Rxa7 Qb4 17. Rb1 Qxb1 18. Nxb1 Rxb1 19. Nc3 Rbb8 20. g4 Bg6 21. g5 Nxe4 22. Nxe4 Rfd8 23. a4 Ra8 24. Rxa8 Rxa8 25. Qb4 Nc5 26. Nxc5 dxc5 27. Qb7 Rd8 28. Qxe7 Rf8 29. Bxc5 1-0

[Event "27th Heraklion Open 2019"]
[Site "Heraklion"]
[Date "2019.09.04"]
[Round "1.14"]
[White "Alexandrakis, Athanasios"]
[Black "Kotsinis, Alexandros"]
[Result "0-1"]
[WhiteElo "1116"]
[BlackElo "1951"]
[Annotator "NA"]
[PlyCount "38"]
[EventDate "2019.09.03"]
[EventType "swiss"]
[EventCountry "GRE"]
[SourceTitle "playchess.com"]
[Source "ChessBase"]
[SourceQuality "1"]
[TimeControl "40/5400+30:1800+30"]

1. d4 e6 2. Nf3 b6 3. Bf4 Bb7 4. e3 f5 5. Nbd2 Nf6 6. c4 Be7 7. Be2 O-O 8. O-O Ne4 9. Rc1 g5 10. Bg3 f4 11. exf4 gxf4 12. Qc2 Nxd2 13. Qxd2 fxg3 14. hxg3 Nc6 15. g4 Bf6 16. g3 Qe7 17. Kg2 Nxd4 18. Qd3 Nxe2 19. Qxe2 Bg7 0-1

[Event "27th Heraklion Open 2019"]
[Site "Heraklion"]
[Date "2019.09.04"]
[Round "1.15"]
[White "Atakay, Mustafa"]
[Black "Vasilakis, Marios G"]
[Result "1-0"]
[WhiteElo "1866"]
[BlackElo "1110"]
[Annotator "NA"]
[PlyCount "47"]
[EventDate "2019.09.03"]
[EventType "swiss"]
[EventCountry "GRE"]
[SourceTitle "playchess.com"]
[Source "ChessBase"]
[SourceQuality "1"]
[TimeControl "40/5400+30:1800+30"]

1. d4 Nf6 2. c4 e6 3. g3 c5 4. d5 d6 5. Nc3 Bd7 6. e4 Qc7 7. Bg2 exd5 8. exd5 Be7 9. Nf3 O-O 10. O-O a6 11. a4 Bf5 12. Re1 Re8 13. Nh4 Bg6 14. Nxg6 fxg6 15. Bh3 Nbd7 16. b3 Ne5 17. Be6+ Kh8 18. Ra2 Rf8 19. f4 Nf7 20. Rae2 Nh5 21. Ne4 Rae8 22. Bxf7 Rxf7 23. Ng5 Rff8 24. Ne6 1-0

[Event "27th Heraklion Open 2019"]
[Site "Heraklion"]
[Date "2019.09.04"]
[Round "1.16"]
[White "Kasnakidou, Sotiria"]
[Black "Burnett, Leon P"]
[Result "0-1"]
[WhiteElo "1083"]
[BlackElo "1849"]
[Annotator "NA"]
[PlyCount "80"]
[EventDate "2019.09.03"]
[EventType "swiss"]
[EventCountry "GRE"]
[SourceTitle "playchess.com"]
[Source "ChessBase"]
[SourceQuality "1"]
[TimeControl "40/5400+30:1800+30"]

1. e4 c5 2. Nf3 Nc6 3. Bb5 Qb6 4. Nc3 e6 5. d3 Nge7 6. O-O Nd4 7. Bc4 Nec6 8. Bb3 Be7 9. Bd2 O-O 10. Nxd4 cxd4 11. Ne2 d6 12. c3 dxc3 13. Bxc3 Bd7 14. d4 Bf6 15. e5 dxe5 16. dxe5 Bxe5 17. Bxe5 Nxe5 18. Re1 Rfd8 19. Ng3 Bb5 20. Qb1 Nd3 21. Re2 Nf4 22. Re3 Rd4 23. Bc2 h6 24. Be4 Rad8 25. Bf3 Bc6 26. Qe1 Qxb2 27. Rb3 Qd2 28. Qe5 Ng6 29. Qc5 Bxf3 30. gxf3 Nf4 31. Rbb1 Nh3+ 32. Kg2 Qxf2+ 33. Kxh3 Rh4+ 34. Kxh4 Qxc5 35. Rc1 Qf2 36. Kh3 Rd2 37. Rf1 Qxh2+ 38. Kg4 f5+ 39. Kf4 g5+ 40. Ke5 Qxg3+ {Kd4} 0-1

[Event "27th Heraklion Open 2019"]
[Site "Heraklion"]
[Date "2019.09.04"]
[Round "1.17"]
[White "Bras, Emmanouel"]
[Black "Kalaitzakis, Emmanouil"]
[Result "1-0"]
[WhiteElo "1838"]
[BlackElo "1079"]
[Annotator "NA"]
[PlyCount "41"]
[EventDate "2019.09.03"]
[EventType "swiss"]
[EventCountry "GRE"]
[SourceTitle "playchess.com"]
[Source "ChessBase"]
[SourceQuality "1"]
[TimeControl "40/5400+30:1800+30"]

1. d4 e5 2. dxe5 Nc6 3. Nf3 Qe7 4. g3 Nxe5 5. Nxe5 Qxe5 6. Bg2 Nf6 7. O-O Bc5 8. Nc3 c6 9. e4 O-O 10. Bf4 Qe7 11. Na4 Bb6 12. Bd6 Qe6 13. Nxb6 axb6 14. Bxf8 Kxf8 15. e5 Qxe5 16. Re1 Qxb2 17. Qd6+ Kg8 18. Rad1 Qxc2 19. Qc7 h6 20. Rd6 Qxa2 21. Qd8+ 1-0

[Event "27th Heraklion Open 2019"]
[Site "Heraklion"]
[Date "2019.09.04"]
[Round "1.18"]
[White "Gorantonakis, Georgios"]
[Black "Fragkiadakis, Emmanouel"]
[Result "0-1"]
[WhiteElo "1077"]
[BlackElo "1743"]
[Annotator "NA"]
[PlyCount "56"]
[EventDate "2019.09.03"]
[EventType "swiss"]
[EventCountry "GRE"]
[SourceTitle "playchess.com"]
[Source "ChessBase"]
[SourceQuality "1"]
[TimeControl "40/5400+30:1800+30"]

1. e4 e5 2. Nf3 Nc6 3. Nc3 Nf6 4. Bb5 Bd6 5. O-O O-O 6. d3 h6 7. h3 a6 8. Bc4 b5 9. Bb3 Bb7 10. Be3 Re8 11. Ne2 Na5 12. Ng3 Nxb3 13. axb3 Bf8 14. Nf5 d5 15. N3h4 dxe4 16. g4 exd3 17. cxd3 Qd5 18. Kh2 g5 19. Rg1 Rad8 20. Qc1 Nh7 21. d4 exd4 22. Bxd4 c5 23. Be3 Qe5+ 24. f4 Qc7 25. Ng2 f6 26. Kh1 Qc6 27. h4 Qf3 28. hxg5 Qh3# 0-1

[Event "27th Heraklion Open 2019"]
[Site "Heraklion"]
[Date "2019.09.04"]
[Round "1.19"]
[White "Koutsourakis, Ioannis"]
[Black "Nyktaris, Minas"]
[Result "1-0"]
[WhiteElo "1739"]
[BlackElo "1074"]
[Annotator "NA"]
[PlyCount "107"]
[EventDate "2019.09.03"]
[EventType "swiss"]
[EventCountry "GRE"]
[SourceTitle "playchess.com"]
[Source "ChessBase"]
[SourceQuality "1"]
[TimeControl "40/5400+30:1800+30"]

1. d4 Nf6 2. c4 g6 3. Nc3 Bg7 4. e4 d6 5. Nf3 O-O 6. Be2 e5 7. O-O c6 8. Be3 Bd7 9. Qc2 Re8 10. b4 Qe7 11. dxe5 dxe5 12. a3 Ng4 13. Bc5 Qe6 14. h3 Nh6 15. Rfd1 f5 16. exf5 Qxf5 17. Bd3 Qf6 18. Ne4 Qd8 19. Nd6 Re6 20. Nxb7 Qc7 21. Na5 e4 22. Bxe4 Bxa1 23. Rxa1 Qf4 24. Bd3 Na6 25. Nb3 Be8 26. Be3 Qf8 27. Nbd4 Rf6 28. b5 cxb5 29. cxb5 Nc5 30. Bxh6 Qxh6 31. Qxc5 Qf4 32. Qd5+ Kg7 33. Qxa8 Bd7 34. Qxa7 Rf7 35. Ne2 Qd6 36. Qd4+ Qxd4 37. Nexd4 Kf6 38. b6 Rf8 39. b7 Rb8 40. Ba6 Ke7 41. Ne5 Kd6 42. Nxd7 Kxd7 43. Rc1 Rxb7 44. Bxb7 Kd6 45. a4 h5 46. a5 g5 47. a6 Ke5 48. a7 Kxd4 49. a8=Q g4 50. Qd8+ Ke5 51. Re1+ Kf5 52. Qf8+ Kg6 53. Re6+ Kh7 54. Rh6# 1-0

[Event "27th Heraklion Open 2019"]
[Site "Heraklion"]
[Date "2019.09.04"]
[Round "2.1"]
[White "Koutsaftis, Efstratios Panagioti"]
[Black "Moiseenko, Vadim"]
[Result "0-1"]
[WhiteElo "1611"]
[BlackElo "2543"]
[Annotator "ChessBase"]
[PlyCount "88"]
[EventDate "2019.09.03"]
[EventType "swiss"]
[EventCountry "GRE"]
[SourceTitle "playchess.com"]
[Source "ChessBase"]
[SourceQuality "1"]
[TimeControl "40/5400+30:1800+30"]

1. d4 d5 2. c4 e6 3. Nc3 Nf6 4. Bg5 dxc4 5. e4 h6 6. Bxf6 Qxf6 7. Bxc4 Bb4 8. Nf3 c5 9. O-O cxd4 10. Qxd4 Qxd4 11. Nxd4 Ke7 12. a3 Bxc3 13. bxc3 Bd7 14. Rfb1 b6 15. Bf1 Rc8 16. c4 Na6 17. Nb5 Nc5 18. f3 Nb7 19. a4 Rc5 20. Kf2 g6 21. Ke3 Rh5 22. h3 Rc5 23. f4 Na5 24. Rb4 Nc6 25. Rb2 g5 26. g3 Rg8 27. Rd1 gxf4+ 28. gxf4 Na5 29. Rb4 Nc6 30. Rb2 Be8 31. Kf2 f6 32. a5 Nxa5 33. Nxa7 Nxc4 34. Bxc4 Rxc4 35. Rxb6 Rc2+ 36. Kf1 Rg3 37. Rb7+ Kf8 38. Nb5 Rxh3 39. Kg1 Rg3+ 40. Kh1 Rc5 41. Kh2 Rg8 42. f5 Rxb5 43. Rxb5 Bxb5 44. fxe6 Ke7 0-1